Natural disaster and nuclear crisis in Japan : response and recovery after Japan's 3/11 /

"The March 2011 earthquake and tsunami in Japan plunged the country into a state of crisis. As the nation struggled to recover from a record breaking magnitude nine earthquake and a tsunami that was as high as 38 meters in some places, news trickled out that Fukushima had experienced meltdowns...

وصف كامل

التفاصيل البيبلوغرافية
مؤلفون آخرون: Kingston, Jeff, 1957-
التنسيق: كتاب
اللغة:English
منشور في: London ; New York : Routledge, 2012.
سلاسل:Nissan Institute/Routledge Japanese studies series.
الموضوعات:
Classic Catalogue: View this record in Classic Catalogue
LEADER 04420nam a2200409 a 4500
001 45807
003 BD-DhAAL
005 20260519170305.0
008 260519t2012 enkab b 001 0 eng c
010 |a  2011038746 
020 |a 9780415698559 
020 |a 9780415698566 
020 |a 9780203124109 
035 |a 16962796 
040 |a NIC/DLC  |c NIC  |d DLC  |d BD-DhAAL 
042 |a pcc 
043 |a a-ja--- 
050 0 0 |a HV600 2011 .T64  |b N37 2012 
082 0 0 |a 952.0512  |2 23 
245 0 0 |a Natural disaster and nuclear crisis in Japan :  |b response and recovery after Japan's 3/11 /  |c edited by Jeff Kingston. 
260 |a London ;  |a New York :  |b Routledge,  |c 2012. 
300 |a xxiv, 302 pages :  |b ill., maps ;  |c 25 cm 
490 1 |a The Nissan Institute/Routledge Japanese studies series 
504 |a Includes bibliographical references and index. 
505 0 |a Tohoku diary: reportage on the Tohoku disaster / Gerald Curtis -- Recovery in Tohoku / John F. Morris -- From Kobe to Tohoku: the potential and the peril of a volunteer infrastructure / Simon Avenell -- Civil society and the triple disasters: revealed strengths and weaknesses / Yuko Kawato, Robert Pekkanen, Yutaka Tsujinaka -- Social media in disaster Japan / David H. Slater, Nishimura Keiko and Love Kindstrand -- March 11, 2011 online: comparing Japanese newspaper websites and international news websites / Leslie M. Tkach-Kawasaki -- Networks of power: institutions and local residents in post-Tohoku Japan / Daniel P. Aldrich -- Hard choices: Japan's post-Fukushima energy policy in the 21st century / Paul J. Scalise -- Fukushima and the political economy of power policy in Japan / Andrew DeWit, Iida Tetsunari, and Kaneko Masaru -- Dealing with disaster / Peter Duus -- The politics of natural disaster, nuclear crisis and recovery / Jeff Kingston -- Friends in need: 'Operation Tomodachi' and the politics of US military disaster relief in Japan / Chris Ames and Yuiko Koguchi-Ames -- The economic fallout: Japan's post-3/11 challenges / Kenneth Neil Cukier -- Ageing society, health issues and disaster: assessing 3/11 / Junko Otani -- Thousand-year event: towards reconstructing communities / Riccardo Tossani -- Can post-3/11 Japan overcome 20 years of drift? / Kazuhiko Togo. 
520 |a "The March 2011 earthquake and tsunami in Japan plunged the country into a state of crisis. As the nation struggled to recover from a record breaking magnitude nine earthquake and a tsunami that was as high as 38 meters in some places, news trickled out that Fukushima had experienced meltdowns in three reactors. These tragic catastrophes claimed some 20,000 lives, initially displacing some 500,000 people and overwhelming Japan's formidable disaster preparedness. This book brings together the analysis and insights of a group of distinguished experts on Japan to examine what happened, how various institutions and actors responded and what lessons can be drawn from Japan's disaster. The contributors, many of whom experienced the disaster first hand assess the wide-ranging repercussions of this catastrophe and how it is already reshaping Japanese culture, politics, energy policy, and urban planning. This book is essential reading for anyone seeking an understanding of the events of March 2011 in Japan and the wider consequences for the future of the country and the rest of the world."--Publisher's description. 
526 8 |a AAL 
541 1 |a Donated by Embassy of Japan in Bangladesh, Read Japan Project 2025, The Tokyo Foundation, supported by The Nippon Foundation.  |e 45807 
650 0 |a Tohoku Earthquake and Tsunami, Japan, 2011.  |9 60918 
650 0 |a Nuclear power plants  |x Accidents  |z Japan  |z Fukushima-ken.  |9 60919 
650 0 |a Disaster relief  |z Japan.  |9 60920 
700 1 |a Kingston, Jeff,  |d 1957-  |9 60921 
830 0 |a Nissan Institute/Routledge Japanese studies series.  |9 60883 
852 1 |a Ayesha Abed Library  |c General Stacks 
942 |2 ddc  |c BK 
999 |c 47995  |d 47995 
952 |0 0  |1 0  |2 ddc  |4 0  |6 952_051200000000000_NAT  |7 0  |9 79242  |a BRACUL  |b BRACUL  |d 2026-05-19  |e Donated by Embassy of Japan in Bangladesh, Read Japan Project 2025, The Tokyo Foundation, supported by The Nippon Foundation.  |l 0  |o 952.0512 NAT  |p 3010045807  |r 2026-05-19  |t 1  |w 2026-05-19  |y BK  |x Donated copy received from Embassy of Japan in Bangladesh, Read Japan Project 2025, The Tokyo Foundation, supported by The Nippon Foundation on 08 April 2026; $47.51 Amazon.com